| 000 | 00866nam a22002537a 4500 | ||
|---|---|---|---|
| 008 | 130821s2001 xxua gr eng | ||
| 020 | _a0808917323 | ||
| 040 |
_aCo-BoUCM _bspa |
||
| 041 | 0 | 0 | _aeng |
| 060 |
_aWO 440 _25 |
||
| 245 | 0 | 2 |
_aAPractice of anesthesia for infants and children _ceditado por Charles J. Coté...[et al.] |
| 260 |
_aOrlando (Florida, Estados Unidos) _bW.B. Saunders _cc2001 |
||
| 300 |
_axi, 314 páginas _bilustraciones |
||
| 490 | _aThe Scientific basis of clinical anesthesia | ||
| 504 | _aIncluye bibliográfias e índice. | ||
| 650 | 0 | 4 |
_aAnestesia pediátrica _99068 |
| 650 | 0 | 4 |
_aAnestesia _xInfantes _99059 |
| 650 | 0 | 4 |
_aAnestesia _xNiños _99059 |
| 700 | 1 | _aCote, Charles J. | |
| 700 | 1 | _aGoudsouzian, Nishan G. | |
| 700 | 1 | _aRyan, John F. | |
| 700 | 1 | _aTodres, I. David | |
| 942 |
_cLIBRO _a15 _e1 _mP895 _2NLM _hWO 440 |
||
| 999 |
_c90490 _d90490 |
||